[Event "Arctic Chess Challenge"]
[Site "Tromsoe"]
[Date "2010.08.04"]
[Round "5"]
[White "Goetzee, Rick W"]
[Black "Zawadzka, Beata"]
[Result "0-1"]
[WhiteElo "1953"]
[BlackElo "2305"]
[PlyCount "82"]
[EventDate "2010.07.31"]
[EventType "swiss"]
[EventRounds "9"]
[EventCountry "NOR"]
[SourceTitle "CBM 137 Extra"]
[Source "ChessBase"]
[SourceDate "2010.09.01"]
[SourceVersion "1"]
[SourceVersionDate "2010.09.01"]
[SourceQuality "1"]

1. d4 g6 2. c4 Bg7 3. Nc3 c5 4. d5 Bxc3+ 5. bxc3 f5 6. Nf3 Qa5 7. Qc2 d6 8. e3 Nf6 9. Bd3 Nbd7 10. 0-0 Nb6 11. Re1 Bd7 12. Nd2 0-0-0 13. e4 fxe4 14. Nxe4 Nxe4 15. Rxe4 Rde8 16. Bf4 Qa4 17. Qxa4 Nxa4 18. Rae1 Bf5 19. Rxe7 Rxe7 20. Bxf5+ Kd8 21. Bg5 Rhe8 22. Bc2 Nxc3 23. a3 Kd7 24. Rxe7+ Rxe7 25. Bxe7 Kxe7 26. Kf1 Kf6 27. f4 b5 28. cxb5 Nxd5 29. Kf2 Nxf4 30. Ke3 Ke5 31. a4 Nxg2+ 32. Kd2 Nf4 33. a5 Ne6 34. Kc3 d5 35. Ba4 Kd6 36. Bd1 Nd4 37. Ba4 Ne2+ 38. Kd2 Nd4 39. Kc3 Nf3 40. h3 Ng5 41. a6 Kc7 0-1